| Tag |
First Indicator |
Second Indicator |
Subfields |
| LEADER |
00000cam a2200000Ii 4500 |
| 001 |
in00003938621 |
| 005 |
20180501103000.0 |
| 008 |
171124r20172017nyu 000 1 eng d |
| 019 |
|
|
|a 961003540
|
| 020 |
|
|
|a 9781476767208
|q (hardcover)
|
| 020 |
|
|
|a 1476767203
|q (hardcover)
|
| 035 |
|
|
|a (OCoLC)on1012855754
|
| 035 |
|
|
|a (OCoLC)1012855754
|z (OCoLC)961003540
|
| 040 |
|
|
|a CGL
|b eng
|e rda
|c CGL
|d OCLCO
|d DAD
|d OCLCO
|d YDX
|d BDX
|d HQD
|d MJ8
|d IK2
|d OQX
|d OCLCF
|d TXGON
|d IGA
|d BUR
|d INR
|d OCL
|d TXA
|d UtOrBLW
|
| 049 |
|
|
|a TXAM
|
| 050 |
1 |
4 |
|a PR6108.A38
|b F67 2017
|
| 082 |
0 |
4 |
|a 823/.92
|2 23
|
| 100 |
1 |
|
|a Haig, Francesca,
|e author.
|0 http://id.loc.gov/authorities/names/n2014052314
|
| 245 |
1 |
4 |
|a The forever ship /
|c Francesca Haig.
|
| 250 |
|
|
|a First Gallery Books hardcover edition.
|
| 264 |
|
1 |
|a New York :
|b Gallery Books,
|c 2017.
|
| 300 |
|
|
|a 390 pages ;
|c 24 cm.
|
| 336 |
|
|
|a text
|b txt
|2 rdacontent
|
| 337 |
|
|
|a unmediated
|b n
|2 rdamedia
|
| 338 |
|
|
|a volume
|b nc
|2 rdacarrier
|
| 490 |
1 |
|
|a Fire sermon
|
| 520 |
|
|
|a Concludes the story of psychic Omega Cass and her powerful Alpha twin, Zach, on a dystopian world struggling for balance between a backward government and its oppressed people centuries after a nuclear apocalypse.
|
| 650 |
|
0 |
|a Regression (Civilization)
|v Fiction.
|0 http://id.loc.gov/authorities/subjects/sh2008110652
|
| 650 |
|
0 |
|a Social stratification
|v Fiction.
|
| 650 |
|
0 |
|a Psychic ability
|v Fiction.
|0 http://id.loc.gov/authorities/subjects/sh2008110149
|
| 650 |
|
0 |
|a Twins
|v Fiction.
|0 http://id.loc.gov/authorities/subjects/sh2008112620
|
| 650 |
|
7 |
|a Psychic ability.
|2 fast
|0 (OCoLC)fst01081210
|
| 650 |
|
7 |
|a Regression (Civilization)
|2 fast
|0 (OCoLC)fst01093263
|
| 650 |
|
7 |
|a Social stratification.
|2 fast
|0 (OCoLC)fst01123370
|
| 650 |
|
7 |
|a Twins.
|2 fast
|0 (OCoLC)fst01159851
|
| 650 |
|
1 |
|a Twins
|x Fiction.
|
| 650 |
|
4 |
|a Social classes
|v Fiction.
|
| 650 |
|
7 |
|a FICTION / Dystopian.
|2 bisacsh
|
| 650 |
|
7 |
|a FICTION / Science Fiction / Apocalyptic & Post-Apocalyptic.
|2 bisacsh
|
| 650 |
|
7 |
|a FICTION / Science Fiction / Genetic Engineering.
|2 bisacsh
|
| 655 |
|
7 |
|a Science fiction.
|2 fast
|0 (OCoLC)fst01726489
|
| 655 |
|
7 |
|a Dystopian fiction.
|2 fast
|0 (OCoLC)fst01921637
|
| 655 |
|
7 |
|a Science fiction.
|2 gsafd
|
| 655 |
|
7 |
|a Dystopias.
|2 gsafd
|
| 655 |
|
7 |
|a Science fiction.
|2 lcgft
|0 http://id.loc.gov/authorities/genreForms/gf2014026529
|
| 655 |
|
7 |
|a Dystopian fiction.
|2 lcgft
|0 http://id.loc.gov/authorities/genreForms/gf2014026302
|
| 655 |
|
7 |
|a Fiction.
|2 fast
|0 (OCoLC)fst01423787
|
| 800 |
1 |
|
|a Haig, Francesca.
|t Fire sermon trilogy ;
|v book 3.
|0 http://id.loc.gov/authorities/names/no2016053193
|
| 938 |
|
|
|a Brodart
|b BROD
|n 118172751
|
| 938 |
|
|
|a Baker and Taylor
|b BTCP
|n BK0019728078
|
| 938 |
|
|
|a YBP Library Services
|b YANK
|n 13226113
|
| 948 |
|
|
|a cataloged
|b h
|c 2018/2/12
|d c
|e ljohnson
|f 4:16:23 pm
|
| 994 |
|
|
|a C0
|b TXA
|
| 999 |
f |
f |
|s 3cf9882b-d06f-359a-8215-349bf4b488ca
|i b7d831f8-48d5-3e4c-bf28-1eb614ef92a0
|t 0
|
| 952 |
f |
f |
|p noncirc
|a Texas A&M University
|b College Station
|c Cushing Memorial Library & Archives
|d Cushing: Science Fiction (Does not check out)
|t 0
|e PR6108.A38 F67 2017
|h Library of Congress classification
|i unmediated -- volume
|
| 998 |
f |
f |
|a PR6108.A38 F67 2017
|t 0
|l Cushing: Science Fiction (Does not check out)
|